000 00218nam a22000857a 4500
008 161220b xxu||||| |||| 00| 0 eng d
100 _92142
_akantha.S
245 _aAnimal Fair
260 _aNew Delhi
_bChilrens Book Trust
_c2011
999 _c5023
_d5023